| 000 | 00886nas a2200313 4500 | ||
|---|---|---|---|
| 001 | BR2012002374 | ||
| 003 | BR-BrBNA | ||
| 005 | 20231205120405.0 | ||
| 007 | ta | ||
| 008 | 230509b bl.|||p| |||| 00| 00por d | ||
| 040 |
_aBR-BrBNA _bpor _cBiblioteca Nacional de Agricultura |
||
| 041 | _a(En) | ||
| 072 | _aF03; H60 | ||
| 100 | 1 | _aDias, M.A.N. | |
| 100 | 1 | _aPinto, T.L.F. | |
| 100 | 1 | _aMondo, V.H.V. | |
| 100 | 1 | _aCícero, S.M. | |
| 100 | 1 | _aPedrini, L.G. | |
| 245 | 1 | _aDirect effects of soybean seed vigor on weed competition | |
| 650 | _aERVA DANINHA | ||
| 650 | _aSOJA | ||
| 650 | _aSEMENTE | ||
| 650 | _aTESTE DE VIGOR | ||
| 650 | _aCRESCIMENTO | ||
| 650 | _aRENDIMENTO | ||
| 773 | 0 |
_tRevista Brasileira de Sementes (Brazil) _xISSN 0101-3122 _g(Jun 2011), v. 33(2) p. 346-351 _wBR2012002374 |
|
| 909 |
_a202311 _bLúcia _c55 _dLúcia Elande |
||
| 942 |
_2AGRIS _n0 _cANA |
||
| 999 |
_c218264 _d218264 |
||